000 00699nam a2200217Ia 4500
003 OSt
005 20220926032225.0
006 a|||||r|||| 00| 0
007 ta
008 220923b |||||||| |||| 00| 0 eng d
037 _cGeneral Book
040 _aRTL
_cRTL
_beng
041 _2eng
_aeng
082 _aX:(B2898).N89, M9
100 _aFIEBIG Denzil G, and others
_9337035
245 0 _aProperties of ordinary least sequares estimators in regression models with non-spherical disturbances.
260 _aSudney
_bUniversity of Sydney
_c1989
300 _av.p.
_ccm.
942 _hX:(B2898).N89, M9
_cGB
_2CC
999 _c654127
_d654127